The oedipus cycle (Record no. 10776)
[ view plain ]
| 000 -LEADER | |
|---|---|
| fixed length control field | 00489nam a22001817a 4500 |
| 003 - CONTROL NUMBER IDENTIFIER | |
| control field | PILC |
| 005 - DATE AND TIME OF LATEST TRANSACTION | |
| control field | 20160204102111.0 |
| 008 - FIXED-LENGTH DATA ELEMENTS--GENERAL INFORMATION | |
| fixed length control field | 121114t xxu||||| |||| 00| 0 eng d |
| 020 ## - INTERNATIONAL STANDARD BOOK NUMBER | |
| International Standard Book Number | 9780156027649 |
| 050 ## - LIBRARY OF CONGRESS CALL NUMBER | |
| Classification number | PA 4414 |
| Item number | .So712 1939 |
| 082 ## - DEWEY DECIMAL CLASSIFICATION NUMBER | |
| Classification number | FIC |
| Item number | F56o 1977 |
| 100 ## - MAIN ENTRY--PERSONAL NAME | |
| Personal name | Sophocles. |
| 9 (RLIN) | 17654 |
| 245 ## - TITLE STATEMENT | |
| Title | The oedipus cycle |
| Statement of responsibility, etc | D.Fitts & R.Fitzgerald |
| 260 ## - PUBLICATION, DISTRIBUTION, ETC. (IMPRINT) | |
| Place of publication, distribution, etc | New York : |
| Name of publisher, distributor, etc | Harvest Book/Harcourt Inc., |
| Date of publication, distribution, etc | c1939. |
| 300 ## - PHYSICAL DESCRIPTION | |
| Extent | 257 p. : |
| Dimensions | 19 cm. |
| 942 ## - ADDED ENTRY ELEMENTS (KOHA) | |
| Source of classification or shelving scheme | Library of Congress Classification |
| Koha item type | Books |
| Withdrawn status | Lost status | Source of classification or shelving scheme | Damaged status | Home library | Current library | Shelving location | Date acquired | Total Checkouts | Full call number | Barcode | Date last seen | Date checked out | Copy number | Price effective from | Koha item type |
|---|---|---|---|---|---|---|---|---|---|---|---|---|---|---|---|
| Library of Congress Classification | Luxembourg Library | Luxembourg Library | Fiction Section | 09/10/2013 | 1 | PA 4414 .So712 1939 | 18439 | 02/06/2019 | 11/28/2018 | 1 | 09/10/2013 | Books |